1122 1703 1430 1617 1712 1926 1361 1555 1900 1045 1605 1146 1171 1041 1132 1261 1177 1317 1039 1550 1532 1450 1873 1482 1576 1676 1612 1658 1735 1154 1652 1123 1379 1438 1374 1169 1462 1800 1624 1106 1810 1380 1606 1204 1738 1207 1774 1219 1772 1571 1645 1052 1360 1441 1134 1184 1330 1365 1604 1276 1928 1731 1815 1854 1608 1732 1165 1358 1636 1511 1348 1714 1261 1614 1648 1206 1374 1276 1888 1776 1555 1747 1292 1246 1906 1699 1453 1932 1492 1579 1437 1716 1723 1000 1121 1105 1284 1396 1959 BCNSPRNW ULIB Ver.6.0+V

เปลี่ยนเป็นภาษาไทย

Change to English
 แสดงรายละเอียดบรรณานุกรม
  กลับหน้าหลัก

Brief Record : Get Marc (ISO 2709) : E-mail record : QR code < ปิดหน้าต่าง
LEADER : 00000nam 2200000uu 4500
001    13399112795
003     ULIB
008    110908s2549||||th 000 0 tha d
020    974945779X
020    9789749457795
050  4 LB1062^bบ919ส 2549
100 1  เดอ โบโน, เอ็ดเวิร์ด,^dค.ศ.1933-
245 10 สอนเด็กให้คิดเป็น =^bTeach your child how to think /^cโดยEdward de Bono ; แปลและเรียบเรียงโดย อรอุมา ราชคฤค์
246 31 Teach your child how to think
250    พิมพ์ครั้งที่ 1
260    กรุงเทพฯ :^bเอ็กซเปอร์เน็ท,^c2549
300    458 หน้า :^bภาพประกอบ ;^c21 ซม.
650  4 การรู้คิดในเด็ก
650  4 ความคิดและการคิด
650  4 ทักษะทางการคิด
700 0  อรอุมา ราชคฤค์,^eผู้แปล
700 1  De Bono, Edward,^d1933- .^tTeach your child how tothink
945    ^p350^l0^i019655
995    ทศพร
999 ^a ทศพร
รายการนี้ยังไม่มีแท็ก
คุณยังไม่ได้ล็อกอิน คุณสามารถมีกิจกรรมร่วมกับเว็บไซต์ได้ แต่ต้องล็อกอินก่อน ::
  ล็อกอิน

รายการสื่อสารสนเทศ

ลำดับที่ ประเภท เลขเรียก/บาร์โค้ด สถานที่ สถานะ
- ไม่พบข้อมูล -

รายการใกล้เคียง
    หัวเรื่อง [การรู้คิดในเด็ก]
    หัวเรื่อง [ความคิดและการคิด]
    หัวเรื่อง [ทักษะทางการคิด]

BibComment


ยังไม่เคยถูกคอมเมนท์

คอมเมนท์ทรัพยากรรายการนี้
  คอมเมนท์: สอนเด็กให้คิดเป็น..


 Copyright 2026. Bcnsprnw @Library